000 00600nam a2200193Ii 4500
003 JO-AjNU
008 230606s9999||||xx |||||||||||||| ||und||
040 _aJO-AjNU
_beng
_erda
_cJO-AjNU
041 _aeng
050 1 4 _aBP16.78
100 3 _aCompiled by: Darussalam Research Division, Edited by: Abdul Rahman Abdullah,
_eauthor
_93637
245 0 0 _aWho is Allah and His Prophet
264 3 1 _aRiyadh: Darussalam
300 _a64P
336 _atext
_btxt
_2rdacontent
337 _aunmediated
_bn
_2rdamedia
338 _avolume
_bnc
_2rdacarrier
650 4 _aGod (Islam)- Islam - Doctrines
_93638
999 _aE1897
_c1897
_d1897